000
00327nam a2200121 a 4500
005
20201002061521.0
008
190502s2017 000 spa d
020
_a
9789945865059
100
_a
Medina, Aquilino
_9
53966
245
0
_a
Páginas amargas de un libro imaginario.
260
_a
Santo Domingo,
_c
2017.
999
_c
48413
_d
48413
040
_a
DO-SdBNP